Most Religious Countries - Statistics

General Stats
  • This quiz has been taken 47 times
  • The average score is 6 of 15
Answer Stats
Religious Population (%) Country % Correct
99.7% Niger
65%
97% Egypt
63%
99.8% Somalia
63%
99.1% Yemen
63%
98.7% Indonesia
50%
97% Morocco
48%
98.5% Mauritania
45%
99.3% Ethiopia
43%
98.2% Djibouti
38%
97% Thailand
33%
99.5% Bangladesh
30%
98.6% Sri Lanka
25%
98% Burundi
23%
97% Laos
23%
99% Malawi
13%
No matching quizzes found
Score Distribution
Percent of People with Each Score
Percentile by Number Answered
Your Score History
You have not taken this quiz